| 000 | 00622nam a2200205Ia 4500 | ||
|---|---|---|---|
| 003 | GCL | ||
| 005 | 20240530102016.0 | ||
| 008 | 140319s9999 xx 000 0 ara d | ||
| 040 |
_aGCL / _cGCL |
||
| 082 | 0 | 4 |
_a334.09 _bح ت |
| 100 | 1 | _aحسنى على خربوش | |
| 245 | 1 | 0 |
_aتنسيق النفقات العمة بين الدول العربية / _cحسنى على خربوش |
| 260 |
_a[S.N] : _bمؤسسة شباب الجامعة ، _c1984 |
||
| 300 | _a732 ص | ||
| 650 | 0 | 4 | _aالاقتصاد |
| 650 | 0 | 4 | _aالوطن العربى |
| 650 | 0 | 4 | _aالاجتماع |
| 650 | 0 | 4 | _aتعاون |
| 942 |
_2ddc _cBK |
||
| 999 |
_c29325 _d29325 |
||